| 000 | 00556nam a2200181 a 4500 | ||
|---|---|---|---|
| 005 | 20240522063632.0 | ||
| 008 | 991125s1974 ug 000 0 spa u | ||
| 035 | _aUPN01000004792 | ||
| 049 | _aF | ||
| 050 | 4 |
_aHV721 _bS2.2 |
|
| 100 | 1 |
_aSajón, Rafael _936894 |
|
| 245 | 1 | 0 |
_aAspectos jurídicos y sociales de la rehabilitación del niño inválido / _cRafael Sajón. |
| 260 |
_aMontevideo : _bIIN : _bOEA, _c1974. |
||
| 300 | _a18 p. | ||
| 650 | 0 |
_aNiños _xSituación legal, leyes, etc. _95233 |
|
| 650 | 4 |
_aNiños con discapacidad _96088 |
|
| 905 | _aLibro | ||
| 999 |
_c4792 _d4792 |
||